000 00866nam a22002655i 4500
001 175721
003 ES-MaACL
005 20230906215914.0
008 101118s2000 sp ab |||| | spa d
020 _a84-8432-131-2
080 _a94(47)"19"
100 0 _aService, Robert.
_9144003
245 1 0 _aHistoria de Rusia en el siglo XX /
_cRobert Service ; [traducción castellana de Carles Mercadal].
260 _aBarcelona :
_bCrítica,
_cimp. 2000.
300 _a590 p. :
_bil. bl. y n. ;
_c24 cm.
490 1 _aMemoria crítica
500 _aÍndices.
504 _aBibliografía: p. 537-552.
594 _aTít. original: A history of Twentieth-Century Russia.
651 4 _aRusia-
_xHistoria-
_yS-XX.
_9144005
700 1 _aMercadal, Carles.
_9144004
830 0 _aMemoria crítica
_9122959
852 _aES-MaACL
_jE-13570
999 _c175721
_d175721